00532nam a2200193 a 4500001001300000003000900013005001700022008004100039020001000080082002000090100003600110245002100146260005200167300000900219500003500228505002400263650001500287700003600302nice12345678IN_TiNIC20260116011310.0050524s1956 laha grp 000 0 urd  ac10000a220.591439bBFB aBritish Foreign Bible Society,  aKitab-E-Muqaddas aLahorebBritish and Foreign Bible Societyc1956 a259p aincludes index and biblioraphy2 aBibliography, Index aBible-Urdu1 aBritish Foreign Bible Society,